Hóa học bảo vệ thực vật

Đã lưu trong:
Bibliografiske detaljer
Hovedforfatter:  Hoàng Xuân Tiến
Format: Sách
Sprog:Undetermined
Udgivet:  Khoa học và kỹ thuật  2013
Fag:
Tags: Tilføj Tag
Ingen Tags, Vær først til at tagge denne postø!
Thư viện lưu trữ: Trung tâm Thư viện - Trường Đại học Công nghiệp TP. Hồ Chí Minh
LEADER 00519nam a2200157Ia 4500
001 UIH_04882
008 231011s9999 xx 000 0 und d
082 |a  547 
100 |a  Hoàng Xuân Tiến 
245 0 |a  Hóa học bảo vệ thực vật 
245 0 |c  Hoàng Xuân Tiến 
260 |b  Khoa học và kỹ thuật 
260 |c  2013 
650 |a  Hóa học hữu cơ;  
927 |a Sách 
980 |a Trung tâm Thư viện - Trường Đại học Công nghiệp TP. Hồ Chí Minh